logo

Bir Sreshtho Munshi Abdur Rouf Library
Jhenaidah Cadet College

D̀esire under the Elms and T̀he Hairy Ape / (Record no. 10244)

MARC details
000 -LEADER
fixed length control field 00623cam a2200229u 4500
001 - CONTROL NUMBER
JCCL Control Number 10244
003 - CONTROL NUMBER IDENTIFIER
JCCL marc code BD-JhCC
005 - DATE AND TIME OF LATEST TRANSACTION
control field 20180520124636.0
008 - FIXED-LENGTH DATA ELEMENTS--GENERAL INFORMATION
fixed length control field 180421s19591921nyu 000 0 eng
035 ## - SYSTEM CONTROL NUMBER
system control number (BD-JhCC)10244
040 ## - CATALOGING SOURCE
Original cataloging agency DLC
Transcribing agency CarP
Modifying agency DLC
-- BD-JhCC
041 ## - LANGUAGE CODE
Language code of Book eng
050 00 - LIBRARY OF CONGRESS CALL NUMBER
Classification number PS3529.N5
Item number D4 1959
082 ## - DEWEY DECIMAL CLASSIFICATION NUMBER
Author mark and Year ONE 1959
Classification number 812.5
100 1# - MAIN ENTRY--PERSONAL NAME
Personal name O'Neill, Eugene,
245 10 - TITLE STATEMENT
Title D̀esire under the Elms and T̀he Hairy Ape /
Statement of responsibility, etc Eugene O'Neill,
260 ## - PUBLICATION, DISTRIBUTION, ETC. (IMPRINT)
Place of publication, distribution, etc New York :
Name of publisher, distributor, etc Boni & Liveright,
Date of publication, distribution, etc 1959.
300 ## - PHYSICAL DESCRIPTION
Pagination 124 p. :
Dimensions 20 cm.
600 ## - SUBJECT ADDED ENTRY--PERSONAL NAME
Personal name O'Neill, Eugene,
Dates associated with a name 1888-1953
942 ## - ADDED ENTRY ELEMENTS (KOHA)
Source of classification or shelving scheme Dewey Decimal Classification
Koha item type Books
Holdings
Source of classification or shelving scheme Damaged status Not for loan Home library Current library Shelving location Date of accession Total Checkouts Full call number Barcode Date last seen Copy number Koha item type
Dewey Decimal Classification     JCC Rouf Library JCC Rouf Library General Stacks 04/21/2018   812.5 ONE 1959 9279 04/21/2018 C-1 Books

JCC Library | Contacts | JCC Home

Last Update on 23 September 2017
Copyright @ 2017-2020 JCC Rouf Library
Rouf Library, Jhenidah Cadet College (JCC), Bangladesh